Business Communication (Record no. 3170)

MARC details
000 -LEADER
fixed length control field 00312nam a2200133Ia 4500
008 - FIXED-LENGTH DATA ELEMENTS--GENERAL INFORMATION
fixed length control field 191201s2007 xx 000 0 und d
082 ## - DEWEY DECIMAL CLASSIFICATION NUMBER
Classification number 658.45
Item number KAB
100 ## - MAIN ENTRY--PERSONAL NAME
Personal name Kaul, Asha
245 #0 - TITLE STATEMENT
Title Business Communication
260 ## - PUBLICATION, DISTRIBUTION, ETC. (IMPRINT)
Place of publication, distribution, etc N.Delhi
Name of publisher, distributor, etc Prentice Hall
Date of publication, distribution, etc 2007
300 ## - PHYSICAL DESCRIPTION
Extent 125
650 ## - SUBJECT ADDED ENTRY--TOPICAL TERM
Topical term or geographic name as entry element MBA
942 ## - ADDED ENTRY ELEMENTS (KOHA)
Source of classification or shelving scheme Dewey Decimal Classification
Koha item type Text Books
942 ## - ADDED ENTRY ELEMENTS (KOHA)
-- 3
Holdings
Withdrawn status Lost status Source of classification or shelving scheme Damaged status Not for loan Collection code Home library Current library Date acquired Source of acquisition Cost, normal purchase price Bill Number Total Checkouts Full call number Acc. no. / Barcode Date last seen Date last borrowed Bill Date Koha item type Checked out
    Dewey Decimal Classification     MBA PIET C-LIBRARY PIET C-LIBRARY 24/08/2006 J B C, New Delhi 95.00 726 1 658.45 KAB 7542 02/09/2025 28/12/2024 30/07/2007 Text Books  
    Dewey Decimal Classification     MBA PIET C-LIBRARY PIET C-LIBRARY 24/08/2006 J B C, New Delhi 95.00 726 3 658.45 KAB 7543 17/07/2024 15/07/2024 30/07/2007 Text Books  
    Dewey Decimal Classification     MBA PIET C-LIBRARY PIET C-LIBRARY 24/08/2006 J B C, New Delhi 95.00 726 1 658.45 KAB 7544 31/03/2023 29/03/2023 30/07/2007 Text Books  
    Dewey Decimal Classification     MBA PIET C-LIBRARY PIET C-LIBRARY 24/08/2006 J B C, New Delhi 95.00 726 4 658.45 KAB 7545 07/10/2025 10/09/2025 30/07/2007 Text Books  
    Dewey Decimal Classification     MBA PIET C-LIBRARY PIET C-LIBRARY 24/08/2006 J B C, New Delhi 95.00 726 1 658.45 KAB 7546 16/03/2020 24/02/2020 30/07/2007 Text Books  
    Dewey Decimal Classification     MBA PIET C-LIBRARY PIET C-LIBRARY 24/08/2006 J B C, New Delhi 95.00 726 1 658.45 KAB 7547 25/02/2020 25/02/2020 30/07/2007 Text Books 10/03/2020

Design & Developed by: PIET Central Library
R70 Miles Stone Pattikalyana Samalkha Panipat 132102
mail ID :- [email protected], Phone No:- 0180-2569700 Ex.216